[Event "Logumkloster op"]
[Site "Logumkloster"]
[Date "2019.03.26"]
[Round "1"]
[White "Jessen, Morten"]
[Black "Harbo, Ole"]
[Result "1-0"]
[WhiteElo "1655"]
[BlackElo "1364"]
[PlyCount "75"]
[EventDate "2019.03.26"]
[EventType "swiss"]
[EventRounds "7"]
[EventCountry "DEN"]
[SourceTitle "EXT 2020"]
[Source "ChessBase"]
[SourceDate "2019.10.17"]
[SourceVersion "1"]
[SourceVersionDate "2019.10.17"]
[SourceQuality "1"]

1. c4 e5 2. Nc3 Nf6 3. d3 h6 4. g3 Bc5 5. Bg2 Nc6 6. a3 a6 7. b4 Bd4 8. Bb2 0-0 9. e3 Bxc3+ 10. Bxc3 d6 11. Ne2 Rb8 12. Qd2 Re8 13. h3 Ne7 14. g4 Ng6 15. Rf1 Nh4 16. Bh1 Bd7 17. e4 Bc6 18. 0-0-0 Ba4 19. Rde1 c6 20. f4 c5 21. f5 Nd7 22. Rg1 Qg5 23. Ref1 Qxd2+ 24. Bxd2 b5 25. Nc3 cxb4 26. axb4 Bb3 27. cxb5 axb5 28. Be1 Nxf5 29. gxf5 f6 30. Bd2 Rbc8 31. Kb2 Bf7 32. Bxh6 Kf8 33. Bxg7+ Ke7 34. h4 Nb6 35. Rc1 Na4+ 36. Nxa4 Rxc1 37. Rxc1 bxa4 38. Rc7+ 1-0

[Event "Logumkloster-chB"]
[Site "Logumkloster"]
[Date "2015.05.05"]
[Round "4"]
[White "Schmidt, Holger"]
[Black "Jessen, Morten"]
[Result "1-0"]
[WhiteElo "1442"]
[BlackElo "1469"]
[PlyCount "29"]
[EventDate "2015.04.07"]
[EventType "tourn"]
[EventRounds "5"]
[EventCountry "DEN"]
[SourceTitle "EXT 2023"]
[Source "ChessBase"]
[SourceDate "2022.10.05"]
[SourceVersion "1"]
[SourceVersionDate "2022.10.05"]
[SourceQuality "1"]

1. d4 Nf6 2. Nf3 e6 3. Nc3 b6 4. Bg5 Be7 5. e3 Bb7 6. Bd3 Nc6 7. a3 d6 8. 0-0 h6 9. Bh4 g5 10. Bg3 Nh5 11. Nd2 Nxg3 12. fxg3 f5 13. d5 Ne5 14. dxe6 Nxd3 15. Qh5+ 1-0

[Event "Sonderjysk-ch C"]
[Site "Haderslev"]
[Date "2013.05.13"]
[Round "3"]
[White "Jorgensen, Palle Gejl"]
[Black "Jessen, Morten"]
[Result "1/2-1/2"]
[WhiteElo "1408"]
[BlackElo "1336"]
[PlyCount "74"]
[EventDate "2013.04.29"]
[EventType "swiss"]
[EventRounds "5"]
[EventCountry "DEN"]
[SourceTitle "EXT 2023"]
[Source "ChessBase"]
[SourceDate "2022.10.05"]
[SourceVersion "1"]
[SourceVersionDate "2022.10.05"]
[SourceQuality "1"]

1. e4 c5 2. Nf3 d6 3. h3 Nc6 4. Bc4 Nf6 5. Nc3 a6 6. a3 g6 7. d3 Bg7 8. Bd2 0-0 9. 0-0 b5 10. Ba2 Bd7 11. Ne2 Rb8 12. c3 Qc7 13. Ng3 a5 14. Qc1 b4 15. cxb4 axb4 16. axb4 Nxb4 17. Bc4 Nc6 18. Rb1 Rb6 19. Bc3 Rfb8 20. Ng5 e6 21. f4 Ne7 22. Rf2 Ra8 23. Qd2 d5 24. Bxf6 Bxf6 25. exd5 exd5 26. Qc2 dxc4 27. N5e4 Bh4 28. Kh2 Bxg3+ 29. Kxg3 Nf5+ 30. Kh2 Kf8 31. dxc4 Ng7 32. Qc3 Rab8 33. Ng5 Ne6 34. Nxh7+ Ke7 35. Qf6+ Kd6 36. Qe5+ Ke7 37. Qf6+ Kd6 1/2-1/2

[Event "Logumkloster-chB"]
[Site "Logumkloster"]
[Date "2013.04.30"]
[Round "3"]
[White "Jessen, Morten"]
[Black "Schmidt, Holger"]
[Result "1/2-1/2"]
[WhiteElo "1336"]
[BlackElo "1344"]
[PlyCount "45"]
[EventDate "2013.04.09"]
[EventType "swiss"]
[EventRounds "5"]
[EventCountry "DEN"]
[SourceTitle "EXT 2023"]
[Source "ChessBase"]
[SourceDate "2022.10.05"]
[SourceVersion "1"]
[SourceVersionDate "2022.10.05"]
[SourceQuality "1"]

1. c4 e5 2. Nc3 Nf6 3. d3 d6 4. g3 Bd7 5. Bg2 Nc6 6. a3 Rb8 7. Nf3 Be7 8. b4 a6 9. Rb1 Qc8 10. h3 0-0 11. e3 Nd8 12. e4 Ne6 13. Be3 h6 14. Qd2 Nh7 15. Nd5 Bd8 16. g4 c6 17. Nc3 Neg5 18. Nxg5 Bxg5 19. Bxg5 Nxg5 20. h4 Ne6 21. g5 h5 22. Ne2 g6 23. Rg1 1/2-1/2

[Event "Vojens Sonderjysk C"]
[Site "Vojens"]
[Date "2011.06.06"]
[Round "6"]
[White "Kristensen, Karl Martin"]
[Black "Jessen, Morten"]
[Result "1-0"]
[WhiteElo "1402"]
[BlackElo "1410"]
[PlyCount "29"]
[EventDate "2011.05.02"]
[EventType "swiss"]
[EventRounds "7"]
[EventCountry "DEN"]
[SourceTitle "EXT 2023"]
[Source "ChessBase"]
[SourceDate "2022.10.05"]
[SourceVersion "1"]
[SourceVersionDate "2022.10.05"]
[SourceQuality "1"]

1. c4 e5 2. Nc3 b6 3. e4 Bb7 4. d3 Nc6 5. Be3 Nge7 6. f4 f6 7. f5 g6 8. g4 d6 9. h4 Qd7 10. Bh3 gxf5 11. g5 0-0-0 12. gxf6 Kb8 13. fxe7 Nxe7 14. Nd5 Rg8 15. Nf6 1-0

[Event "Logumkloster-chC"]
[Site "Logumkloster"]
[Date "2011.04.26"]
[Round "3"]
[White "Jessen, Morten"]
[Black "Jensen, Jens Peter"]
[Result "0-1"]
[WhiteElo "1410"]
[BlackElo "1378"]
[PlyCount "74"]
[EventDate "2011.04.05"]
[EventType "swiss"]
[EventRounds "5"]
[EventCountry "DEN"]
[SourceTitle "EXT 2023"]
[Source "ChessBase"]
[SourceDate "2022.10.05"]
[SourceVersion "1"]
[SourceVersionDate "2022.10.05"]
[SourceQuality "1"]

1. d4 d5 2. Nf3 e6 3. e3 Be7 4. c4 c6 5. Nc3 Nf6 6. Bd3 Nbd7 7. 0-0 0-0 8. Qc2 dxc4 9. Bxc4 Nd5 10. a3 f5 11. Re1 N7b6 12. Bd3 Nxc3 13. bxc3 Bd6 14. c4 Bc7 15. a4 Qf6 16. a5 Nd7 17. Bb2 Qh6 18. c5 Nf6 19. Bc4 Ne4 20. Ne5 Bxe5 21. dxe5 Ng5 22. Rad1 Qg6 23. Kf1 Qh6 24. h3 Ne4 25. Bd3 Qg6 26. h4 Qg4 27. Bxe4 fxe4 28. Rd4 Qxh4 29. Red1 Qh1+ 30. Ke2 Qxg2 31. Rf1 b6 32. cxb6 Ba6+ 33. Rc4 axb6 34. axb6 Bb5 35. Ke1 Ra2 36. b7 Rb8 37. Qe2 Rxb7 0-1

[Event "Logumkloster-ch Basis 3"]
[Site "Logumkloster"]
[Date "2008.05.06"]
[Round "4"]
[White "Jessen, Morten"]
[Black "Schmidt, Holger"]
[Result "0-1"]
[WhiteElo "1282"]
[BlackElo "1428"]
[PlyCount "56"]
[EventDate "2008.04.15"]
[EventType "swiss"]
[EventRounds "5"]
[EventCountry "DEN"]
[SourceTitle "EXT 2023"]
[Source "ChessBase"]
[SourceDate "2022.10.05"]
[SourceVersion "1"]
[SourceVersionDate "2022.10.05"]
[SourceQuality "1"]

1. d4 d5 2. c4 c6 3. Nf3 Nf6 4. Bg5 Nbd7 5. Nc3 g6 6. e3 Bg7 7. cxd5 cxd5 8. Bd3 0-0 9. 0-0 Nb6 10. Re1 e6 11. Ne5 Bd7 12. Nxd7 Qxd7 13. Qf3 Ne8 14. Qf4 a6 15. Bh6 f5 16. Bxg7 Qxg7 17. Kh1 Nf6 18. Rg1 Rac8 19. h3 Nc4 20. b3 Nb6 21. Ne2 Ne4 22. f3 g5 23. g4 Nf2+ 24. Kh2 fxg4 25. Bxh7+ Kxh7 26. Qd6 Rc6 27. Qb4 Rxf3 28. hxg4 Qh6+ 0-1